ბათუმის შოთა რუსთაველის სახელმწიფო უნივერსიტეტის ბიბლიოთეკა

ქართული ენა : წერილების კრებული (ბიბ.ჩანაწერი № 53260)

000 -LEADER
fixed length control field 00594nam a2200193Ia 4500
001 - CONTROL NUMBER
control field 20301
003 - CONTROL NUMBER IDENTIFIER
control field GE_BSU
008 - FIXED-LENGTH DATA ELEMENTS--GENERAL INFORMATION
fixed length control field 181216s||||||||xx |||||||||||||| ||und||
040 ## - CATALOGING SOURCE
Transcribing agency GE_BSU
080 ## - UNIVERSAL DECIMAL CLASSIFICATION NUMBER
Universal Decimal Classification number 811.353.1(072)
245 ## - TITLE STATEMENT
Title ქართული ენა : წერილების კრებული
260 ## - PUBLICATION, DISTRIBUTION, ETC.
Place of publication, distribution, etc. თბილისი
260 ## - PUBLICATION, DISTRIBUTION, ETC.
Name of publisher, distributor, etc. უნ-ტის გამ-ბა
260 ## - PUBLICATION, DISTRIBUTION, ETC.
Date of publication, distribution, etc. 1984
300 ## - PHYSICAL DESCRIPTION
Extent 198გვ. ; 20სმ.
653 ## - INDEX TERM--UNCONTROLLED
Uncontrolled term ქართული ენა - მეთოდური მითითებები
942 ## - ADDED ENTRY ELEMENTS (KOHA)
Koha item type წიგნი
ეგზემპლარები
Withdrawn status Lost status Damaged status Not for loan Date acquired Barcode Date last seen Price effective from Koha item type
        2018-12-17 53034 2018-12-17 2018-12-17 წიგნი
        2018-12-17 53035 2018-12-17 2018-12-17 წიგნი
        2018-12-17 53036 2018-12-17 2018-12-17 წიგნი
        2018-12-17 53037 2018-12-17 2018-12-17 წიგნი